| 000 | 00463 a2200181 4500 | ||
|---|---|---|---|
| 001 | 77118 | ||
| 020 | _a9780521669559 | ||
| 082 | _a629.1329 AND | ||
| 090 |
_c39315 _d39315 |
||
| 100 | _aJohn D Anderson | ||
| 245 |
_aA History of Aerodynamics _cJohn D Anderson _hEnglish |
||
| 250 | _a1 | ||
| 260 |
_aUSA _bCambridge University Press _c2009 |
||
| 300 | _axii 478 p | ||
| 500 | _aDOS BS Textbooks | ||
| 505 | _aGifted Books | ||
| 600 | _aAerodynamics | ||
| 942 |
_acaenust _k629.1329 AND _cBS |
||
| 999 |
_c312191 _d312191 |
||